01122nam a2200277 a 4500008004100000020001500041041000800056092001900064100004100083245009700124250001100221260005500232300001100287500018400298590003300482653001400515653001000529653001400539653001300553653001600566700004500582700004000627942001200667999001500679952015000694170223e1993 Ag ||||| |||| 00| 0 spa d a9561109530 aspa c174.2l13sCOR1 aCorrea Donoso, EduardoeEditor93112 aÉtica y humanidad en la medicina actual.bReflexiones bioéticas /cEduardo Correa Donoso a1a ed. aSantiago [Chile]:bEditorial Universitaria;c1993. a256 p. aCorrea Donoso, E., Echeverria Bunster, C. y Rojas Osorio, A. (1993). Ética y humanidad en la medicina actual. Reflexiones bioéticas. (1a ed.). Chile : Editorial Universitaria. aDonacion DRa. Dora Vera 2017 aFilosofia aEtica aHumanidad aMedicina aActo medico1 aEcheverria Bunster, CarloseEditor931131 aRojas Osorio, AlbertoeEditor93114 2ddccBK c2328d2328 00102ddc40708NFICaBFMbBFMcCRd2017-02-23eDonacionl0o174.2;13;CORp3747r2017-02-23tEj. 1w2017-02-23yBKzDonacion Dra. Dora Vera 2017